000 00811cam a2200193 4500
001 WB3704-03
008 000000n2001 000 0 eng u
035 _a(Sirsi) u110466
245 _aNew wayleave payment rates agreed
260 _c2001
490 _aEstates and Wayleaves Committee Press Release
_v 17 January 2001, (1)
520 _aNew wayleave payment rates have been agreed to compensate landowners for the presence of the electricity apparatus of public electricity suppliers and the National Grid Company (NGC) in England and Wales on their land. These come into effect on 1 April 2001 until 31 March 2005. Schedule of rates.
590 _aWB
650 _aWAYLEAVE PAYMENTS
650 _aELECTRICAL EQUIPMENT
650 _aWAYLEAVE RATES
690 _aBoundary disputes
_96221
942 _n0
999 _c65863
_d65863